00443nam a2200145Ia 4500008004100000020001800041082001900059100004100078245008200119250000600201260002400207300001000231500001900241650003700260120629s9999 xx 000 0 und d a968-436-100-9 a370.1523 M827p aMora Ledesma, José Guadalupe de la aPsicología del aprendizaje : formas 2 / José Guadalupe de la Mora Ledesma a2 aMéxico : Progreso a121 p aBibliografía a1. PSICOLOGIA DEL APRENDIZAJEÌ